| 000 | 00568nam a2200217Ia 4500 | ||
|---|---|---|---|
| 005 | 20250718145504.0 | ||
| 008 | 008 250715s9999 xx 000 0 eng d | ||
| 020 | _a9789390673445 (Hbk) | ||
| 037 | _aTextual | ||
| 040 |
_aFLL _cFLL |
||
| 041 |
_aeng _2eng |
||
| 084 |
_aV258(2), R1 _qFLL |
||
| 100 | _aDEWAN V.K Au. | ||
| 245 | 0 | _aExhaustive commentary on The right to information,2005 | |
| 250 | _a3rd. | ||
| 260 |
_bHaryana Thomson Reuters India _c2021 |
||
| 300 | _axl,1119 ill | ||
| 365 | _b2750 | ||
| 942 | _cTEXL | ||
| 999 |
_c1433871 _d1433871 |
||